Statistics for Previous NHL Franchise Names/Locations

Click here to take the quiz!

General Stats

  • This quiz has been taken 40 times
  • The average score is 8 of 12

Answer Stats

TeamYearsAnswer% Correct
Dallas Stars1967-1993Minnesota North Stars
90%
Carolina Hurricanes1979-1997Hartford Whalers
90%
Calgary Flames1972-1980Atlanta Flames
87%
Colorado Avalanche1972-1995Quebec Nordiques
84%
Arizona Coyotes1996-2014Phoenix Coyotes
77%
New Jersey Devils1976-1982Colorado Rockies
71%
Winnipeg Jets1999-2011Atlanta Thrashers
71%
Anaheim Ducks1993-2006Mighty Ducks of Anaheim
55%
Chicago Blackhawks1926-1986Chicago Black Hawks
55%
Edmonton Oilers1972-1973Alberta Oilers
32%
Toronto Maple Leafs1919-1927Toronto St. Patricks
26%
Detroit Red Wings1930-1932Detroit Falcons
16%

Score Distribution

Percentile by Number Answered

Percent of People with Each Score

Your Score History

You have not taken this quiz